<?xml version="1.0" encoding="UTF-8"?>
<record
    xmlns:xsi="http://www.w3.org/2001/XMLSchema-instance"
    xsi:schemaLocation="http://www.loc.gov/MARC21/slim http://www.loc.gov/standards/marcxml/schema/MARC21slim.xsd"
    xmlns="http://www.loc.gov/MARC21/slim">

  <leader>02227agaaa2200337   4500</leader>
  <controlfield tag="001">7284</controlfield>
  <controlfield tag="003">IT-RoPAU</controlfield>
  <controlfield tag="005">20220918181226.0</controlfield>
  <controlfield tag="007">d cvaizq</controlfield>
  <controlfield tag="008">50131s9999||||xx ||| |     ||   ||und||</controlfield>
  <datafield tag="040" ind1=" " ind2=" ">
    <subfield code="a">IT-RoPAU</subfield>
    <subfield code="c">IT-RoPAU</subfield>
  </datafield>
  <datafield tag="041" ind1=" " ind2=" ">
    <subfield code="a">ITALIANO</subfield>
  </datafield>
  <datafield tag="100" ind1=" " ind2=" ">
    <subfield code="a">Fo Dario</subfield>
    <subfield code="g">Codice regista SPICS: 6571</subfield>
    <subfield code="9">38344</subfield>
  </datafield>
  <datafield tag="130" ind1=" " ind2=" ">
    <subfield code="a">ANOMALO BICEFALO (L')</subfield>
    <subfield code="9">38345</subfield>
  </datafield>
  <datafield tag="245" ind1=" " ind2=" ">
    <subfield code="a">ANOMALO BICEFALO (L')</subfield>
    <subfield code="c">Sceneggiatura: Rame Franca Fo Dario -- Diretto da: Fo Dario</subfield>
    <subfield code="p">ANOMALO BICEFALO (L') (Rif. Codice opera principale : H7284)</subfield>
  </datafield>
  <datafield tag="250" ind1=" " ind2=" ">
    <subfield code="a">Edizione Standard</subfield>
  </datafield>
  <datafield tag="260" ind1=" " ind2=" ">
    <subfield code="a">(ITALIA)</subfield>
    <subfield code="b">VIDEOERRE SRL - FABBRI EDITORI - RCS LIBRI / Distribuzione: FABBRI EDITORE</subfield>
    <subfield code="g">"2004 (1&#xB0; ed.: 2006 ; Ed. Lingua Orig.: 2004)"</subfield>
  </datafield>
  <datafield tag="300" ind1=" " ind2=" ">
    <subfield code="a">DVD</subfield>
    <subfield code="b">sonoro, col.</subfield>
    <subfield code="c">130 minuti</subfield>
  </datafield>
  <datafield tag="508" ind1=" " ind2=" ">
    <subfield code="a">"Montaggio: Angeli Diego; Musica: Carpi Fiorenzo; Sceneggiatura: Rame Franca Fo Dario; Scenografia: Fo Dario; Soggetto: Fo Dario -- Rame Franca"</subfield>
  </datafield>
  <datafield tag="511" ind1=" " ind2=" ">
    <subfield code="a">"Rame Franca; Fo Dario; Brancaccio Alfonso; Marcello; Di; Giacomo Gessica; De; Flamminei"</subfield>
  </datafield>
  <datafield tag="520" ind1=" " ind2=" ">
    <subfield code="a">L'OPERA CI MOSTRA UNO STRANO PERSONAGGIO, PRESIDENTE DEL CONSIGLIO, AL QUALE, IN SEGUITO AD UN ATTENTATO, VIENE TRAPIANTATO IL CERVELLO DI VLADIMIR PUTIN, PERITO IN UN AGGUATO. NE SCATURISCE UNA FIGURA DALLA DOPPIA PERSONALITA', INCAPACE A TRATTI DI RICORDARE IL PROPRIO PASSATO, UN PERSONAGGIO CHE DICE, SI CONTRADDICE, RACCONTA FROTTOLE, VENDE, COMPRA E SVENDE, FINISCE SOTTO PROCESSO MA NE SGUSCIA FUORI OGNI VOLTA COME UN'ANGUILLA, PERCHE' NESSUNO RIESCE A PUNIRLO. SPETTACOLO REGISTRATO IL 21 DICEMBRE 2003 AL TEATRO DIVARESE, AGGIORNATO IL 3 FEBBRAIO 2004 AL TEATRO BELLINI DI NAPOLI. ALLEGATO AL DVD IL VOLUME CARTACEO N. 8407/H7285.</subfield>
  </datafield>
  <datafield tag="538" ind1=" " ind2=" ">
    <subfield code="a">PAL, STEREO</subfield>
  </datafield>
  <datafield tag="546" ind1=" " ind2=" ">
    <subfield code="a">ITALIANO</subfield>
  </datafield>
  <datafield tag="650" ind1=" " ind2=" ">
    <subfield code="a">COMMEDIA - TEATRO</subfield>
    <subfield code="e">DVD-VARI [DVD]</subfield>
    <subfield code="x">Codice MATERIA SPICS: 9946</subfield>
    <subfield code="9">38346</subfield>
  </datafield>
  <datafield tag="700" ind1=" " ind2=" ">
    <subfield code="a">Cappa Felice</subfield>
    <subfield code="e">(regista)</subfield>
    <subfield code="g">Codice secondo regista SPICS: 51742</subfield>
    <subfield code="9">38347</subfield>
  </datafield>
  <datafield tag="700" ind1=" " ind2=" ">
    <subfield code="a">Carpi Fiorenzo</subfield>
    <subfield code="e">(musica)</subfield>
    <subfield code="g">Codice Musica SPICS: 13640</subfield>
    <subfield code="9">38348</subfield>
  </datafield>
  <datafield tag="700" ind1=" " ind2=" ">
    <subfield code="a">Fo Dario </subfield>
    <subfield code="e">(regista)</subfield>
    <subfield code="g">Codice regista SPICS: 6571</subfield>
    <subfield code="9">38349</subfield>
  </datafield>
  <datafield tag="700" ind1=" " ind2=" ">
    <subfield code="a">Fo Dario </subfield>
    <subfield code="e">(soggetto)</subfield>
    <subfield code="g">Codice Soggetto SPICS: 6571</subfield>
    <subfield code="9">38350</subfield>
  </datafield>
  <datafield tag="700" ind1=" " ind2=" ">
    <subfield code="a">Rame Franca </subfield>
    <subfield code="e">(soggetto)</subfield>
    <subfield code="g">Codice Soggetto 2&#xB0; SPICS: 20928</subfield>
    <subfield code="9">38351</subfield>
  </datafield>
  <datafield tag="942" ind1=" " ind2=" ">
    <subfield code="c">DV</subfield>
    <subfield code="2">ddc</subfield>
  </datafield>
  <datafield tag="999" ind1=" " ind2=" ">
    <subfield code="c">104909</subfield>
    <subfield code="d">104909</subfield>
  </datafield>
  <datafield tag="952" ind1=" " ind2=" ">
    <subfield code="0">0</subfield>
    <subfield code="1">0</subfield>
    <subfield code="4">0</subfield>
    <subfield code="6">H_7284_000000000000000</subfield>
    <subfield code="7">1</subfield>
    <subfield code="a">SPICS</subfield>
    <subfield code="b">SPICS</subfield>
    <subfield code="d">2015-01-31</subfield>
    <subfield code="l">0</subfield>
    <subfield code="o">H7284</subfield>
    <subfield code="r">2015-01-31 00:00:00</subfield>
    <subfield code="w">2015-01-31</subfield>
    <subfield code="y">DV</subfield>
    <subfield code="z">Progr. Ins.: 3568 / N.Vol.:1 / Copie: 1 / Pag.:0 / Copia rara: n.d. / date import: 1.2.2015 / By Epidotti, Trombetti, Vaglietti</subfield>
  </datafield>
</record>
